书目信息 |
| 题名: |
妥协
|
|
| 作者: | 于富荣 著 | |
| 分册: | ||
| 出版信息: | 北京 中国纺织出版社 2005 |
|
| 页数: | 242页 | |
| 开本: | 24cm | |
| 丛书名: | ||
| 单 册: | ||
| 中图分类: | F715.4 | |
| 科图分类: | ||
| 主题词: | 贸易谈判 , 思维方法 , 贸易谈判--思维方法 | |
| 电子资源: | ||
| ISBN: | 7-5064-3505-5 | |
| 000 | 00905nam0 2200289 450 | |
| 001 | 003007111 | |
| 005 | 20061105101647.56 | |
| 010 | @a7-5064-3505-5@dCNY25.00 | |
| 100 | @a20050119d2005 em y0chiy0110 ea | |
| 101 | 0 | @achi |
| 102 | @aCN@b110000 | |
| 105 | @ay z 000yy | |
| 200 | 1 | @a妥协@9tuo xie@e商务谈判新思维@f于富荣著 |
| 210 | @a北京@c中国纺织出版社@d2005 | |
| 215 | @a242页@d24cm | |
| 300 | @a一部追求在共赢条件下进行商务谈判的实用读本 | |
| 312 | @a书脊英文题名:Compromise | |
| 330 | @a本书针对谈判过程中可能遇到的问题,从不同角度提出在运用妥协策略时,如何最有效、最切合实际地去解决问题。 | |
| 510 | 1 | @aCompromise@zeng |
| 517 | 1 | @a商务谈判新思维@9shang wu tan pan xin si wei |
| 606 | 0 | @a贸易谈判 |
| 606 | 0 | @a思维方法 |
| 606 | 0 | @a贸易谈判@x思维方法 |
| 690 | @aF715.4@v4 | |
| 701 | 0 | @a于富荣@9yu fu rong@4著 |
| 801 | 0 | @aCN@bNLC@c20061105 |
| 905 | @a10447@dF715.4@e152 | |
| 妥协:商务谈判新思维/于富荣著.-北京:中国纺织出版社,2005 |
| 242页;24cm |
| 一部追求在共赢条件下进行商务谈判的实用读本 |
| ISBN 7-5064-3505-5:CNY25.00 |
| 本书针对谈判过程中可能遇到的问题,从不同角度提出在运用妥协策略时,如何最有效、最切合实际地去解决问题。 |
| ● |
| 相关链接 |
|
|
|
|
正题名:妥协
索取号:F715.4/152
 
预约/预借
| 序号 | 登录号 | 条形码 | 馆藏地/架位号 | 状态 | 备注 |
| 1 | 0380927 | 203809272 | 第一样本阅览室/ [索取号:F715.4/152] | 在馆 | |
| 2 | 0380928 | 203809281 | 第一借阅区/ [索取号:F715.4/152] | 在馆 | |
| 3 | 0380929 | 203809290 | 第一借阅区/ [索取号:F715.4/152] | 在馆 | |
| 4 | 0380930 | 203809307 | 第一借阅区/ [索取号:F715.4/152] | 在馆 | |
| 5 | 0380931 | 203809316 | 第一借阅区/ [索取号:F715.4/152] | 在馆 |